Mastering american english : (Record no. 12785)
[ view plain ]
| 000 -LEADER | |
|---|---|
| fixed length control field | 00740nam a2200217 a 4500 |
| 003 - CONTROL NUMBER IDENTIFIER | |
| control field | PILC |
| 005 - DATE AND TIME OF LATEST TRANSACTION | |
| control field | 20151028115536.0 |
| 008 - FIXED-LENGTH DATA ELEMENTS--GENERAL INFORMATION | |
| fixed length control field | 070911s19uu xx 00 eng d |
| 020 ## - INTERNATIONAL STANDARD BOOK NUMBER | |
| International Standard Book Number | 4805307838 |
| 050 ## - LIBRARY OF CONGRESS CALL NUMBER | |
| Classification number | PE 1111 |
| Item number | .H4724 1956 |
| 100 ## - MAIN ENTRY--PERSONAL NAME | |
| Personal name | Hayden, Rebecca E. |
| 245 ## - TITLE STATEMENT | |
| Title | Mastering american english : |
| Remainder of title | a handbook + workbook of essentials / |
| Statement of responsibility, etc | Rebecca E. Hayden, Dorothy W. Pilgrim, Aurora Quiros Haggard. |
| 260 ## - PUBLICATION, DISTRIBUTION, ETC. (IMPRINT) | |
| Place of publication, distribution, etc | Tokyo : |
| Name of publisher, distributor, etc | Tuttle Publishing, |
| Date of publication, distribution, etc | 1998 (c1956) |
| 300 ## - PHYSICAL DESCRIPTION | |
| Extent | 260 p. : |
| Other physical details | ill. ; |
| Dimensions | 27 cm. |
| 650 ## - SUBJECT ADDED ENTRY--TOPICAL TERM | |
| Topical term or geographic name as entry element | English language |
| General subdivision | United States |
| -- | Grammar. |
| 650 ## - SUBJECT ADDED ENTRY--TOPICAL TERM | |
| Topical term or geographic name as entry element | English language |
| General subdivision | United States |
| -- | Composition. |
| 700 ## - ADDED ENTRY--PERSONAL NAME | |
| Personal name | Pilgrim, Dorothy W. |
| 700 ## - ADDED ENTRY--PERSONAL NAME | |
| Personal name | Haggard, Aurora Quiros |
| 942 ## - ADDED ENTRY ELEMENTS (KOHA) | |
| Koha item type | Books |
| Source of classification or shelving scheme | Library of Congress Classification |
| Withdrawn status | Lost status | Source of classification or shelving scheme | Damaged status | Home library | Current library | Shelving location | Date acquired | Total Checkouts | Full call number | Barcode | Date last seen | Copy number | Price effective from | Koha item type |
|---|---|---|---|---|---|---|---|---|---|---|---|---|---|---|
| Library of Congress Classification | Luxembourg Library | Luxembourg Library | International Baccalaureate Section | 03/05/2009 | PE 1111 .H4724 1956 | 16637 | 10/10/2013 | 1 | 10/10/2013 | Books |